000 nam a22 7a 4500
999 _c129687
_d129687
008 190731b xxu||||| |||| 00| 0 eng d
020 _a978-3-639-86725-1
050 _aPR9387.9.A36 Z92
100 _aAdichie, Chimamanda Ngozi
_947696
245 _aInterculturality in Chimamanda Ngozi Adichie's Americanah
_c/ by Chimamanda Ngozi Adichie
260 _aSaarbrucken:
_bAV AkademikerVerlag,
_c2015.
300 _a128p. ;
_c22cm.
942 _2lcc
_cMONOGRAPH